000 00768nam a2200229 a 4500
999 _c5521
_d5521
001 5521
003 BD-JhCC
005 20221031134023.0
008 171214s2013 bg a|||| ||a| 000 0 ben d
035 _a(BD-JhCC)5521
040 _aBD-JhCC
_dBD-JhCC
041 _aben
082 _a570
_bAZM 2013
100 _aআজমল, গাজী
245 _aজীববিজ্ঞান প্রথম পত্র একাদশ-দ্বাদশ শ্রেণি /
_cগাজী আজমল, সফিউর রহমান
260 _aঢাকা :
_bগাজী পাবলিশার্স,
_c2013.
300 _a296 p. :
_c24 cm.
_billu;
650 _aBiology
700 _aরহমান, সফিউর
942 _2ddc
_cBK
_02